Responses for Show #2145 - Friday, December 24, 1993

Jean Grewe game 5.

Contestants

[<< previous game]

Pat Thomason, a defense attorney originally from St. Charles, Missouri

Greg Rose, a law student from South Pasadena, California

Jean Grewe, a typesetter from Oak Park, Illinois (whose 4-day cash winnings total $47,701)

[next game >>]

Jeopardy! Round responses

LANGUAGES
CHARACTERS IN MUSICALS
HEALTH & MEDICINE
FRUITS & VEGETABLES
CITIES CALLED THEBES
HOMOPHONES
    $100 11
Danish

Jean
    $100 1
My Fair Lady

Jean
    $100 5
mononucleosis

Greg
    $100 16
the potato

Jean
    $100 26
Aida

Jean
    $100 21
desert/dessert

Jean
    $200 12
Thai

Greg
    $200 2
Peter Pan

Jean
    $200 6
(Jean: What are white cells?)

red blood cells

JeanPat
    $200 17
the beet

Jean
    $200 27
King Tut

Jean
    $200 22
rein/rain

Greg
    $300 13
Spain

Greg
    $300 3
The Sound of Music

Jean
    $300 7
lead

Jean
    $300 18
(Jean: What is a quince?)

a pomegranate

JeanGreg
    $300 28
Hercules

Jean
    $300 23
gild/guild

Greg
    $400 14
Esperanto

Pat
    $400 4
Little Shop of Horrors

Greg
    $400 8
the wrist

Jean
    $400 19
tangerine

Jean
    $400 29
Alexander the Great

Pat
    $400 24
flair/flare

Triple Stumper
    $500 15
Swahili

Jean
    $500 10
Mame

Triple Stumper
    $500 9
endorphins

Jean
    $500 20
asparagus

Jean
    $500 30
(Jean: What is Oedipus Rex?)

Seven Against Thebes

Jean
Triple Stumper
    $500 25
foe/faux

Jean

Scores at the first commercial break (after clue 15):

Jean Greg Pat
$2,200 $1,000 $600

Scores at the end of the Jeopardy! Round:

Jean Greg Pat
$3,800 $1,800 $1,000

Double Jeopardy! Round responses

HISTORY
POLITICAL TERMS
MUSEUMS
BOOKS ON AUDIOTAPE
INDIANA
ODDS & ENDS
    $200 1
Germany

Pat
    $200 6
samurai

Pat
    $200 11
London

Jean
    $200 26
Christopher Reeve

Greg
    $200 21
Indianapolis

Greg
    $200 16
Early to bed & early to rise

Pat
    $400 2
the Arab League

Greg
    $400 7
the Republicans

Pat
    $400 12
Eisenhower

Greg
    $400 27
(Pat: Who is Greta Garbo?)

Marlene Dietrich

GregPat
    $400 22
Abraham Lincoln

Pat
    $400 17
Orion

Jean
    $600 3
Juan Peron

Greg
    $600 8
(Greg: What is Ceylon?)
(Jean: What is Crete?)

Cyprus

JeanGreg
Triple Stumper
    $600 13
the Metropolitan Museum of Art

Jean
    $600 28
Spenser

Greg
    $600 23
Michigan

Jean
    $600 18
(Greg: What is the second hand?)

a pendulum

GregPat
    $800 4
the Children's Crusade

Triple Stumper
    $800 9
the European Economic Community

Greg
    $800 14
Babe Didrikson Zaharias

Greg
    $800 29
Sidney Sheldon

Greg
    $800 24
Bloomington

Jean
    $800 19
bowlers

Jean
    $1000 5
India

Pat
    $1,000 10
Likud

Greg
    $1,100 15
(Greg: What is Budapest?)
(Alex: No, sorry. They were not Hungarian, they were Czech, and so the correct response is "What is [*]?")

Prague

Greg
    $1000 30
Oliver North

Greg
    $1000 25
Ernie Pyle

Greg
    $1000 20
8

Jean

Scores at the end of the Double Jeopardy! Round:

Jean Greg Pat
$7,600 $7,700 $3,600

[wagering suggestions for these scores]

Final Jeopardy! Round responses

THE CALENDAR
(Alex: This is something we do on an annual basis on Jeopardy! We try to teach people out there that centuries begin with year 1, and they end with the year 100. Let's see if our contestants remembered that.)
PatWhat is 12/31/1600
$1,400
JeanWhat is Jan Dec. 31, 1600
$7,500
GregWhat is Dec 31 1599
$99
December 31, 1600

Final scores:

Jean Greg Pat
$15,100 $7,601 $5,000
5-day champion: $62,801 2nd place: trip to New Orleans, Louisiana 3rd place: trip to Palm Springs, California + Wheel of Fortune & Jeopardy! for the Super Nintendo & Sega Genesis

Game dynamics:

Coryat scores:

Jean Greg Pat
$7,600 $8,800 $3,600
24 R
(including 1 DD),
4 W
20 R
(including 1 DD),
3 W
(including 1 DD)
10 R,
1 W

Combined Coryat: $20,000

[game clues] [game scores] [suggest correction]

Game tape date: 1993-09-14
The J! Archive is created by fans, for fans. Scraping, republication, monetization, and malicious use prohibited; this site may use cookies and collect identifying information. See terms. The Jeopardy! game show and all elements thereof, including but not limited to copyright and trademark thereto, are the property of Jeopardy Productions, Inc. and are protected under law. This website is not affiliated with, sponsored by, or operated by Jeopardy Productions, Inc. Join the discussion at JBoard.tv.